Trouve l'app avec une mauvaise description - Statistiques

Statistiques générales
  • Ce quiz a été pris 401 fois
    368 depuis la dernière actualisation
  • Le résultat moyen est 9 sur 13
Statistiques - réponses
Hint Réponse % Correct
T'y vois que des mineurs danser bizarrement Tiktok
98%
twitter X
94%
Que de la musique pour prouveurs Spotify
88%
rencontre entre cassos Tinder
87%
De base c'est pour prendre en photo des chats Snapchat
85%
jamais real Bereal.
79%
Toutes les filles y trouvent leurs fond d'écran Pinterest
78%
Quoi de neufapplication Whatsapp
65%
tu chasses des animaux avec des pouvoirs Pokemon Go
64%
Tu gères un village pas très moderne Clash of Clan
61%
T'y verras toujours l'oreille de tes parents / Grands parents Facetime
54%
L'app préférée de Momo Heni Betclic
20%
Tu comprends mieux les gens grace a elle GoogleTraduction / Traduction
17%
Aucun quiz correspondant
Distribution des résultats
% des personnes avec chaque résultat
Percentile par nombre de réponses
Votre historique - résultats
Vous n’avez pas pris ce quiz depuis la dernière actualisation